000
003110000a22001450004500
003
MACL
040
_a
MACL
090
_c
7729
_d
7728
100
_a
Demellow, Melville
245
_a
Story Of The Olympics
260
_b
Natinoal Book Trust
_c
1972
350
_a
9.50
650
_a
Sports & Games
942
_c
BOOK
_k
796
999
_c
7681
_d
7681